| 000 | 00494nam a2200169Ia 4500 | ||
|---|---|---|---|
| 008 | 190912s9999 xx 000 0 und d | ||
| 100 | _aRomero, Alexis | ||
| 245 | _aComply with law on VAT-exempt medicine, drugstores warned/ | ||
| 245 | _cAlexis Romero; Sheila Crisostomo | ||
| 260 | _bThe Philippine Star | ||
| 260 | _c2019 | ||
| 300 | _aJanuary 17, page 4 | ||
| 440 |
_aThe Philippine Star _v33: 174 |
||
| 650 | _aLaw -- Philippines | ||
| 650 | _aMedicine | ||
| 650 | _aValue added tax | ||
| 999 |
_c362122 _d362122 |
||